Loading...

Metaphor /

Bibliographic Details
Main Author: Hawkes, Terence
Language:Undetermined
Published: London : methuen , 1972.
Series:Critical idiom
Subjects:
LEADER 00460nam a2200157Ia 4500
001 66871
008 170722s9999 xx 000 0 und d
100 |a Hawkes, Terence 
245 |a Metaphor / 
260 |a London :  |b methuen ,  |c 1972. 
300 |a 106, 18.5csm 
490 |a Critical idiom 
653 |a Essay & Novel Writing 
942 |c GEN 
999 |c 100849  |d 100849 
952 |0 0  |1 0  |4 0  |6 P_75_L2  |7 0  |9 141538  |a LIB  |b LIB  |d 2017-08-12  |o P:75 L2  |p 188072  |r 2017-08-12  |w 2017-08-12  |y GEN